000
00351nam a2200145Ia 4500
008
090124s9999 xx 000 0 und d
082
_b
301265
245
_a
खानदान
250
_a
1
260
_b
रानडे जयंत
_c
1985
300
_a
195
630
_a
खानदान
730
_a
खानदान
942
_c
BOOK
999
_c
190819
_d
190819